000 00602nam a2200181Ia 4500
008 090124s9999 xx 000 0 und d
082 _b45767
100 _aऔरंगाबादकर अनुराधा
245 _a ओंजळीतले शिंपले
250 _a0
260 _c2007
300 _a204
600 _aऔरंगाबादकर अनुराधा
630 _a ओंजळीतले शिंपले
700 _aऔरंगाबादकर अनुराधा
730 _a ओंजळीतले शिंपले
942 _cBOOK
999 _c111984
_d111984